000 00308nam a2200109Ia 4500
008 171211s9999 xx 000 0 und d
245 _aDrum Techniques of Led Zeppelin
245 _cJoe Bergamini and Led Zeppelin
260 _c1989
650 _xmusic
856 _uhttp://down.ebook777.com/060/0757940307.pdf
999 _c348694
_d348694